000167163 001__ 167163
000167163 005__ 20260121151432.0
000167163 037__ $$aTAZ-TFG-2025-1574
000167163 041__ $$aspa
000167163 1001_ $$aBelle Isle Carrasco, Andrea Rhiannon
000167163 24200 $$aCitizen participation initiatives in GLAM institutions (Galleries, Libraries, Archives and Museums)
000167163 24500 $$aIniciativas de participación ciudadana en instituciones GLAM (Galerías, Bibliotecas, Archivos y Museos)
000167163 260__ $$aZaragoza$$bUniversidad de Zaragoza$$c2025
000167163 506__ $$aby-nc-sa$$bCreative Commons$$c3.0$$uhttp://creativecommons.org/licenses/by-nc-sa/3.0/
000167163 520__ $$aLa importancia de la participación ciudadana y las instituciones GLAM en las sociedades democráticas queda cada vez más reflejada en los proyectos que se llevan a cabo en estas instituciones. El objetivo general del trabajo es analizar el vínculo entre los principios de la participación ciudadana y el modelo de las instituciones GLAM, a través del estudio conceptual y el análisis de proyectos concretos desarrollados en este ámbito.<br />Se han seleccionado 18 proyectos de participación ciudadana realizados en distintas instituciones GLAM. Para analizarlos se ha diseñado un método de recoplicación de datos, con criterios cualitativos para así evaluar su características y resultados. Algunos tipos de actividades que más se están realizando con la descripción archivística colaborativa o la co-creación de exposiciones. En cuanto al nivel de participación según el modelo IAP2, los que más se han encontrado ha sido el de Colaborar o Involucrar y los que menos Informar y Empoderar. Se concluye que la participación ciudadana puede ser un mecanismo que sirva para fortalecer el papel de las instituciones GLAM en relación a la ciudadanía. Pero es esencial que haya una mejora generalizada en cuanto a la documentación y difusión de los proyectos que llevan a cabo y los resultados obtenidos. <br /><br />
000167163 521__ $$aGraduado en Información y Documentación
000167163 540__ $$aDerechos regulados por licencia Creative Commons
000167163 691__ $$a0
000167163 692__ $$a
000167163 700__ $$aSiso Calvo, Brenda$$edir.
000167163 7102_ $$aUniversidad de Zaragoza$$bCiencias de la Documentación e Historia de la Ciencia$$cBiblioteconomía y Documentación
000167163 8560_ $$f679282@unizar.es
000167163 8564_ $$s1915725$$uhttps://zaguan.unizar.es/record/167163/files/TAZ-TFG-2025-1574.pdf$$yMemoria (spa)
000167163 909CO $$ooai:zaguan.unizar.es:167163$$pdriver$$ptrabajos-fin-grado
000167163 950__ $$a
000167163 951__ $$adeposita:2026-01-21
000167163 980__ $$aTAZ$$bTFG$$cFFYL
000167163 999__ $$a20250529184445.CREATION_DATE